ARRUPE JESUIT UNIVERSITY

CORONAVIRUS -STOP THE SPREAD - CLEAN,DISINFECT,COVER

Racial and ethnic groups / (Record no. 123648)

MARC details
000 -LEADER
fixed length control field 01133cam a2200301 a 4500
001 - CONTROL NUMBER
control field 3981251
005 - DATE AND TIME OF LATEST TRANSACTION
control field 20151028115725.0
008 - FIXED-LENGTH DATA ELEMENTS--GENERAL INFORMATION
fixed length control field 951113s1996 nyuab b 001 0 eng
010 ## - LIBRARY OF CONGRESS CONTROL NUMBER
LC control number 95047150
020 ## - INTERNATIONAL STANDARD BOOK NUMBER
International Standard Book Number 0673523632
040 ## - CATALOGING SOURCE
Original cataloging agency DLC
Transcribing agency DLC
Modifying agency DLC
043 ## - GEOGRAPHIC AREA CODE
Geographic area code n-us---
050 00 - LIBRARY OF CONGRESS CALL NUMBER
Classification number E184.A1
Item number S3 1996
082 00 - DEWEY DECIMAL CLASSIFICATION NUMBER
Classification number 305.8/00973
Edition number 20
100 1# - MAIN ENTRY--PERSONAL NAME
Personal name Schaefer, Richard T.
9 (RLIN) 20645
245 10 - TITLE STATEMENT
Title Racial and ethnic groups /
Statement of responsibility, etc Richard T. Schaefer.
250 ## - EDITION STATEMENT
Edition statement 6th ed.
260 ## - PUBLICATION, DISTRIBUTION, ETC. (IMPRINT)
Place of publication, distribution, etc New York :
Name of publisher, distributor, etc HarperCollins College Publishers,
Date of publication, distribution, etc c1996.
300 ## - PHYSICAL DESCRIPTION
Extent xx, 588 p. :
Other physical details ill., maps ;
Dimensions 24 cm.
504 ## - BIBLIOGRAPHY, ETC. NOTE
Bibliography, etc Includes bibliographical references (p. 503-572) and index.
650 #0 - SUBJECT ADDED ENTRY--TOPICAL TERM
Topical term or geographic name as entry element Minorities
Geographic subdivision United States.
9 (RLIN) 12864
650 #0 - SUBJECT ADDED ENTRY--TOPICAL TERM
Topical term or geographic name as entry element Prejudices
Geographic subdivision United States.
9 (RLIN) 20646
651 #0 - SUBJECT ADDED ENTRY--GEOGRAPHIC NAME
Geographic name United States
General subdivision Race relations.
9 (RLIN) 20647
651 #0 - SUBJECT ADDED ENTRY--GEOGRAPHIC NAME
Geographic name United States
General subdivision Ethnic relations.
9 (RLIN) 3384
906 ## - LOCAL DATA ELEMENT F, LDF (RLIN)
a 7
b cbc
c orignew
d 1
e ocip
f 19
g y-gencatlg
942 ## - ADDED ENTRY ELEMENTS (KOHA)
Source of classification or shelving scheme Library of Congress Classification
Item type Monograph ( Printed materials)
Holdings
Withdrawn status Lost status Source of classification or shelving scheme Damaged status Not for loan Collection code Home library Current library Shelving location Date acquired Total Checkouts Full call number Barcode Date last seen Price effective from Koha item type
    Library of Congress Classification     Main Collection ARRUPE LIBRARY ARRUPE LIBRARY Main Collection 28/10/2015   E184.A1 S3 1996 46500005286 13/12/2017 28/10/2015 Monograph ( Printed materials)

 

Arrupe Library. PO Box MP320 Mt Pleasant, Harare, Zimbabwe
263 242 745411|librarian@aju.ac.zw